| 000 | 00788nas a2200229 4500 | ||
|---|---|---|---|
| 001 | BR2010004762 | ||
| 003 | BR-BrBNA | ||
| 005 | 20231205114312.0 | ||
| 007 | ta | ||
| 008 | 230509b bl.|||p| |||| 00| 00por d | ||
| 040 |
_aBR-BrBNA _bpor _cBiblioteca Nacional de Agricultura |
||
| 041 | _a(Pt) | ||
| 072 | _aF63 | ||
| 100 | 1 | _aMarques-Souza, A.C. | |
| 245 | 1 | _aOcorrência do pólen de Podocarpus sp. (Podocarpaceae)nas coletas de Frieseomelitta varia Lepeletier 1836 (Apidae: Meliponinae)em uma área de Manaus, AM, Brasil | |
| 650 | _aPOLEN | ||
| 650 | _aPOLINIZAÇÃO | ||
| 650 | _aATRATIVO | ||
| 773 | 0 |
_tActa Botanica Brasilica (Brazil) _xISSN 0102-3306 _g(Apr-Jun 2010), v. 24(2) p. 558-566 _wBR2010004762 |
|
| 909 |
_a202311 _bLúcia _c55 _dLúcia Elande |
||
| 942 |
_2AGRIS _n0 _cANA |
||
| 999 |
_c208123 _d208123 |
||